<?xml version="1.0" encoding="UTF-8"?><marc:collection xmlns:marc="http://www.loc.gov/MARC21/slim">
  <marc:record>
    <marc:leader>00000nam  2200000za 4500</marc:leader>
    <marc:controlfield tag="001">9.677108</marc:controlfield>
    <marc:controlfield tag="003">CaOODSP</marc:controlfield>
    <marc:controlfield tag="005">20250403105610</marc:controlfield>
    <marc:controlfield tag="007">cr |||||||||||</marc:controlfield>
    <marc:controlfield tag="008">150407s2015    oncd    ob   f000 0 fre d</marc:controlfield>
    <marc:datafield tag="020" ind1=" " ind2=" ">
      <marc:subfield code="a">978-0-660-21869-4</marc:subfield>
    </marc:datafield>
    <marc:datafield tag="040" ind1=" " ind2=" ">
      <marc:subfield code="a">CaOODSP</marc:subfield>
      <marc:subfield code="b">fre</marc:subfield>
    </marc:datafield>
    <marc:datafield tag="043" ind1=" " ind2=" ">
      <marc:subfield code="a">n-cn---</marc:subfield>
    </marc:datafield>
    <marc:datafield tag="086" ind1="1" ind2=" ">
      <marc:subfield code="a">CS91-620/2015F-PDF</marc:subfield>
    </marc:datafield>
    <marc:datafield tag="245" ind1="0" ind2="0">
      <marc:subfield code="a">Projections démographiques pour le Canada (2013 à 2063), les provinces et les territoires (2013 à 2038) </marc:subfield>
      <marc:subfield code="h">[ressource électronique] : </marc:subfield>
      <marc:subfield code="b">rapport technique sur la méthodologie et les hypotheses / </marc:subfield>
      <marc:subfield code="c">par Nora Bohnert … [et al.].</marc:subfield>
    </marc:datafield>
    <marc:datafield tag="260" ind1=" " ind2=" ">
      <marc:subfield code="a">[Ottawa] : </marc:subfield>
      <marc:subfield code="b">Statistique Canada, </marc:subfield>
      <marc:subfield code="c">2015.</marc:subfield>
    </marc:datafield>
    <marc:datafield tag="300" ind1=" " ind2=" ">
      <marc:subfield code="a">85 p. </marc:subfield>
      <marc:subfield code="b">fig., graphiques, tableaux.</marc:subfield>
    </marc:datafield>
    <marc:datafield tag="500" ind1=" " ind2=" ">
      <marc:subfield code="a">Publié aussi en anglais sous le titre : Population projections for Canada (2013 to 2063), provinces and territories (2013 to 2038), technical report on methodology and assumptions.</marc:subfield>
    </marc:datafield>
    <marc:datafield tag="500" ind1=" " ind2=" ">
      <marc:subfield code="a">« Date de diffusion : le 26 mai 2015. »</marc:subfield>
    </marc:datafield>
    <marc:datafield tag="504" ind1=" " ind2=" ">
      <marc:subfield code="a">Comprend des références bibliographiques.</marc:subfield>
    </marc:datafield>
    <marc:datafield tag="520" ind1=" " ind2=" ">
      <marc:subfield code="a">Ce rapport vise à décrire la méthodologie utilisée pour le calcul des paramètres de projection ainsi que pour l’élaboration des différentes hypothèses des Projections pour le Canada (2013 à 2063), les provinces et les territoires (2013 à 2038). Autrefois jumelée avec l’analyse et les tableaux de résultats au sein d’une seule publication (no 91-520-X au catalogue de Statistique Canada), la description des méthodes et des hypothèses est présentée ici dans un document distinct et plus détaillé. Le rapport contient huit chapitres, qui en plus de présenter une description détaillée des méthodes, comprend diverses analyses des composantes de l’accroissement démographique et des facteurs susceptibles d’influer sur leur évolution au cours des prochaines années. Le premier chapitre présente le modèle de projection par cohorte et composante de Statistique Canada. Le second chapitre décrit une nouvelle initiative, soit l’Enquête d’opinion sur les tendances démographiques futures. Cette enquête s’inscrit dans un processus plus élargi de consultation visant à incorporer les avis d’un plus grand nombre d’experts dans le processus d’élaboration des hypothèses. Chacun des six chapitres suivants est consacré à une composante spécifique de l’accroissement démographique, soit dans l’ordre : la fécondité, la mortalité, l’immigration, l’émigration, les résidents non permanents et la migration interprovinciale. Il est à noter que le rapport principal présentant les résultats (no 91-520-X au catalogue de Statistique Canada) de projection contient une section résumant brièvement les hypothèses et scénarios.</marc:subfield>
    </marc:datafield>
    <marc:datafield tag="692" ind1="0" ind2="7">
      <marc:subfield code="2">gccst</marc:subfield>
      <marc:subfield code="a">Population</marc:subfield>
    </marc:datafield>
    <marc:datafield tag="692" ind1="0" ind2="7">
      <marc:subfield code="2">gccst</marc:subfield>
      <marc:subfield code="a">Démographie</marc:subfield>
    </marc:datafield>
    <marc:datafield tag="692" ind1="0" ind2="7">
      <marc:subfield code="2">gccst</marc:subfield>
      <marc:subfield code="a">Prévision</marc:subfield>
    </marc:datafield>
    <marc:datafield tag="692" ind1="0" ind2="7">
      <marc:subfield code="2">gccst</marc:subfield>
      <marc:subfield code="a">Méthodologie</marc:subfield>
    </marc:datafield>
    <marc:datafield tag="700" ind1="1" ind2=" ">
      <marc:subfield code="a">Bohnert, Nora.</marc:subfield>
    </marc:datafield>
    <marc:datafield tag="710" ind1="2" ind2=" ">
      <marc:subfield code="a">Statistique Canada.</marc:subfield>
    </marc:datafield>
    <marc:datafield tag="775" ind1="0" ind2="8">
      <marc:subfield code="t">Population projections for Canada (2013 to 2063), provinces and territories (2013 to 2038) </marc:subfield>
      <marc:subfield code="w">(CaOODSP)9.629514</marc:subfield>
    </marc:datafield>
    <marc:datafield tag="794" ind1=" " ind2=" ">
      <marc:subfield code="t">Projections démographiques pour le Canada (2018 à 2068), les provinces et les territoires (2018 à 2043) : </marc:subfield>
      <marc:subfield code="w">(CaOODSP)9.874527</marc:subfield>
    </marc:datafield>
    <marc:datafield tag="856" ind1="4" ind2="0">
      <marc:subfield code="q">PDF</marc:subfield>
      <marc:subfield code="s">1.79 Ko</marc:subfield>
      <marc:subfield code="u">https://publications.gc.ca/collections/collection_2015/statcan/91-620-x2014001-fra.pdf</marc:subfield>
    </marc:datafield>
    <marc:datafield tag="986" ind1=" " ind2=" ">
      <marc:subfield code="a">N° 91-620-X au catalogue</marc:subfield>
    </marc:datafield>
  </marc:record>
</marc:collection>
